banner koha

Ensaios de variedades de algodao, arroz e milho, no Estado de Minas Gerais. 1943-1946 [Brasil] (Registro n. 264018)

MARC details
000 -LÍDER
campo de controle de tamanho fixo 01042nac a22003257a 4500
001 - NÚMERO DE CONTROLE
campo de controle BR7302325
003 - IDENTIFICADOR DO NÚMERO DE CONTROLE
campo de controle BR-BrBNA
005 - DATA E HORÁRIO DA ÚLTIMA TRANSAÇÃO
campo de controle 20240105113504.0
008 - CAMPO DE DADOS FIXOS--INFORMAÇÃO GERAL
campo de controle de tamanho fixo 230509b bl.|||m| |||| 00| 0 por d
040 ## - FONTE DA CATALOGAÇÃO
Instituição da catalogação original BR-BrBNA
Idioma da catalogação por
Instituição que transcreveu o registro Biblioteca Nacional de Agricultura
072 ## - CÓDIGO DE CATEGORIA DE ASSUNTO
Código de Categoria de Assunto F30; F00
090 ## - NÚMERO DE CHAMADA LOCAL
Número de chamada 0430 BR7302325
100 1# - ENTRADA PRINCIPAL--NOME PESSOAL
Nome pessoal Kalckmann, R.E.
100 1# - ENTRADA PRINCIPAL--NOME PESSOAL
Nome pessoal Groszmann, A.
100 1# - ENTRADA PRINCIPAL--NOME PESSOAL
Nome pessoal Ladeira, J.S.
110 1# - ENTRADA PRINCIPAL--NOME CORPORATIVO
Nome corporativo ou nome da jurisdição Instituto Agronomico de Minas Gerais, Belo Horizonte (Brasil)
9 (RLIN) 5623
245 1# - TÍTULO
Título Ensaios de variedades de algodao, arroz e milho, no Estado de Minas Gerais. 1943-1946 [Brasil]
260 3# - PUBLICAÇÃO, DISTRIBUIÇÃO, ETC.
Local de publicação, distribuição, etc. Belo Horizonte, MG (Brasil):
Data da publicação, distribuição, etc. 1948.
300 ## - DESCRIÇÃO FÍSICA
Extensão 77 p.
490 ## - TÍTULO DA SÉRIE
Título da série Boletim - Instituto Agronomico de Minas Gerais (Brazil)
Número do volume ou designação sequencial da série no. 1
ISSN - International Standard Serial Number
500 ## - NOTA GERAL
Nota geral Summary (En, Pt)
650 ## - ASSUNTO--TERMO TÓPICO
Cabeçalho tópico ou nome geográfico ALGODAO
650 ## - ASSUNTO--TERMO TÓPICO
Cabeçalho tópico ou nome geográfico MILHO
650 ## - ASSUNTO--TERMO TÓPICO
Cabeçalho tópico ou nome geográfico ARROZ
650 ## - ASSUNTO--TERMO TÓPICO
Cabeçalho tópico ou nome geográfico COMPETICAO DE VARIEDADE
650 ## - ASSUNTO--TERMO TÓPICO
Cabeçalho tópico ou nome geográfico MELHORAMENTO VEGETAL
650 ## - ASSUNTO--TERMO TÓPICO
Cabeçalho tópico ou nome geográfico ESTACAO EXPERIMENTAL
909 ## -
-- 202312
-- Lúcia Elande
-- 55
-- Lúcia Elande
942 ## - ELEMENTOS DE ENTRADA ADICIONADOS (KOHA)
Fonte da classificação ou esquema de arquivamento na estante Classificação AGRIS
Ocultar no OPAC Não
Tipo de material Koha Monografia Seriada
Exemplares
Situação do descarte Fonte da classificação ou esquema de arquivamento na estante Situação física Não pode ser emprestado Coleção Biblioteca de origem Biblioteca atual Localização na estante Total de empréstimos Número de telefone completo Código de barras Data de último acesso Tipo de material Koha Fonte de aquisição
  Classificação AGRIS       Biblioteca Nacional de Agricultura - Binagri Biblioteca Nacional de Agricultura - Binagri Agrobase - Acervo Geral   0430 BR7302325 0430 BR7302325 18/12/2023 Monografia Seriada Portaria Interministerial nº 164/94

BINAGRI

Telefone: (61)3218-2567/2388/3357/2097 - binagri@agro.gov.br

Ministério da Agricultura e Pecuária , Esplanada dos Ministérios, Bloco D, Anexo B, Brasília/DF, CEP: 70.043-900